| 000 | 00420nam a22001577a 4500 | ||
|---|---|---|---|
| 020 | _a047180424X | ||
| 040 | _cNust | ||
| 082 |
_a620.1 _bMER |
||
| 100 |
_aJ.L Meriam _913429 |
||
| 110 |
_aL.G Kraige _9124613 |
||
| 245 | _aEngineering Mechanics Volume II | ||
| 250 | _a2nd Edition | ||
| 260 |
_aNew York: _bJohn Wiley and sons Inc, _c1986. |
||
| 650 |
_aEngineering Mechanics Volume II _9125715 |
||
| 942 |
_2ddc _cBK |
||
| 999 |
_c611417 _d611417 |
||